Statistics for Frozen 2 - Some Things Never Change lyrics

Click here to take the quiz!

General Stats

  • This quiz has been taken 212 times
  • The average score is 274 of 381

Answer Stats

Lyrics% Correct
Some
97%
some
97%
a
95%
I
95%
never
95%
things
95%
change
94%
the
93%
The
93%
an
92%
you
92%
And
89%
and
89%
like
89%
Like
89%
on
88%
Are
87%
are
87%
in
87%
we
87%
get
86%
all
85%
old
85%
your
85%
feel
84%
I'm
84%
of
84%
That
83%
that
83%
to
83%
wind
83%
hand
82%
little
82%
mine
81%
how
80%
older
80%
bit
79%
be
78%
colder
78%
just
78%
same
78%
stay
78%
fall
77%
go
77%
it
77%
always
76%
Holding
76%
holding
76%
we're
76%
will
76%
is
75%
Is
75%
tight
74%
blows
72%
for
72%
getting
72%
Sven
72%
fine
71%
Pumpkin
71%
wall
71%
why
71%
stone
70%
true
70%
wiser
70%
Autumn
69%
me
69%
my
69%
Yes
69%
along
68%
breeze
68%
do
68%
leave
68%
Peter
68%
became
66%
really
66%
call?
65%
her
65%
knee?
65%
one
65%
sadder
65%
But
64%
but
64%
fertilizer
64%
you're
63%
at
62%
can
62%
down
62%
every
62%
love
62%
out
62%
this
62%
future
61%
that's
61%
That's
61%
with
61%
certain
60%
leaves
60%
moving
60%
calling
58%
clouds
58%
feels
58%
gonna
58%
leaf's
58%
not
58%
these
58%
These
58%
Yeah
58%
day
57%
falling
57%
already
55%
hearing
55%
rely
55%
something
55%
telling
55%
tonight
55%
look
54%
want
54%
sure
53%
bad
52%
certainties
52%
coming?
52%
could
52%
pressure
52%
rings
52%
romantic
52%
stuff
52%
easier
51%
planning
51%
pulling
51%
rest
51%
restless
51%
should
51%
what
51%
winds
51%
flag
50%
can't
49%
fly
49%
know
49%
our
49%
Our
49%
reindeer's
49%
candlelight
48%
if
48%
may
48%
May
48%
moment
48%
precious
48%
say
48%
them
48%
time
48%
days
47%
I'll
47%
away
46%
freeze
46%
slip
46%
still
46%
it's
45%
It's
45%
let
45%
Maybe
45%
seize
45%
sky
45%
commit
44%
Arendelle
40%
right?
40%
promise
38%
count
37%
beneath
36%
blessings
36%
good
35%
We'll
35%
kingdom
34%
many
32%
past
32%
plenty
30%
around
27%
live
26%
Time's
26%
Turn
25%
fast
24%
stands
23%
unknown
23%
remains
22%
flown
20%
luck
18%
Though
15%
up
13%
Yep
8%

Score Distribution

Percentile by Number Answered

Percent of People with Each Score

Your Score History

You have not taken this quiz